000 01749nam0a2200325 4500
001 RU\NLR\BIBL_A\012041754
005 20190715162436.0
010 _a978-5-4468-7898-7
_92000
021 _aRU
_bКН-П-19-038570
_9КН-П-19-2828
035 _a(NLR Aleph) 012041754
035 _a(RuMoRGB)009991135
090 _a11606184
_c11606184
100 _a20190624d2019 u y0rusy50 ca
101 0 _arus
102 _aRU
105 _aa|||j|||000zy
200 1 _aПраво для профессий и специальностей социально-экономического профиля
_eучебник
_eдля использования в учебном процессе образовательных учреждений среднего профессионального образования на базе основного общего образования с получением среднего общего образования
_fЕ. А. Певцова
205 _a6-е изд., стер.
210 _aМосква
_cАкадемия
_d2019
215 _a478, [1] с.
_cил.
_d22
225 1 _aПрофессиональное образование
_iОбщеобразовательные дисциплины
320 _aБиблиогр.: с. 470-472
606 1 _aПраво
_yРоссийская Федерация
_jУчебники для среднего профессионального образования
_2nlr_sh1
_2nlr_sh2
_3RU\NLR\AUTH\661244932
686 1 _aХ62я723
700 1 _aПевцова
_bЕ. А.
_gЕлена Александровна
_3RU\NLR\AUTH\7721640
942 _cBOOK
980 _aNBR
980 _aNB